| 000 | 01347nam a22002775i 4500 | ||
|---|---|---|---|
| 001 | 53676 | ||
| 003 | ES-MaACL | ||
| 005 | 20250904063048.0 | ||
| 007 | t| | ||
| 008 | 960704s1879 sp ||||1| spa d | ||
| 100 | 1 |
_aFernández de Castro, Manuel, _d1825-1895 _949645 |
|
| 245 | 1 | 4 |
_aLas cuarentenas : _bposibilidad de suprimir las de observación sin daño de la salubridad pública y con ventaja de la navegación y del comercio : [conferencia dada en el Ateneo Científico y Literario de Madrid el 20 de febrero de 1879] / _cpor Don Manuel Fernández de Castro. |
| 260 |
_aMadrid : _b[s.n.], _c1879 ( _fImp. de Fortanet) |
||
| 300 |
_a56 p. ; _c20 cm. |
||
| 490 | 1 |
_aAnales de la construcción y de la industria ; _vAño IV, 1879 |
|
| 610 | 2 | 4 |
_aAteneo de Madrid- _vConferencias- _yS.XIX. _91910 |
| 610 | 2 | 4 |
_aAteneo de Madrid- _vObras digitalizadas. _91930 |
| 650 | 4 |
_aEnfermedades infecciosas- _xPrevención. _9151122 |
|
| 830 | 1 |
_aAnales de la construcción y de la industria ; _vAño IV, 1879 _9230266 |
|
| 852 | 4 |
_aES-MaACL _jFol-Laf-400 |
|
| 852 | 4 |
_aES-MaACL _jT-302-F-2 |
|
| 856 | 4 |
_uhttp://www.ateneodemadrid.net/biblioteca_digital/folletos/Folletos-0011.pdf _zVer documento |
|
| 856 | 4 |
_uhttp://bdh-rd.bne.es/viewer.vm?id=0000187508&page=1 _zBiblioteca Digital Hispánica |
|
| 942 | _2ddc | ||
| 999 |
_c53676 _d53676 |
||